LEADER 01387cam a22003134i 4500 001 991001270009707536 008 050405s2005 enkaa b 001 0 eng 020 $a1841713953 035 $ab1334688x-39ule_inst 040 $aDip.to Beni Culturali$bita 100 1 $aSconfienza, Roberto.$0572731 245 10$aFortificazioni tardo classiche e ellenistiche in Magna Grecia :$bi casi esemplari nell'Italia del Sud /$cRoberto Sconfienza. 260 $aOxford, England :$bBritish Archaeological Reports,$c2005 300 $aX, 108, LXXIV p. :$bill. ;$c30 cm. 440 0$aBAR international series ;$v1341 440 0$aNotebooks on military archaeology and architecture ;$v1 504 $aContiene bibliografia: pp. 93-107 650 4$aFortificazioni greche$zMagna Grecia 650 4$aFortificazioni greche$zItalia meridionale 650 4$aScavi archeologici$zItalia$zMagna Grecia 650 4$aScavi archeoligici$zItalia meridionale 651 4$aMagna Grecia (Italia)$xAntichità 651 4$aItalia meridionale$xAntichità 907 $a.b1334688x$b02-04-14$c20-10-05 912 $a991001270009707536 945 $aLE001 M 85 4º$g1$i2001000152568$lle001$op$pE81.50$q-$rl$s- $t0$u3$v0$w3$x0$y.i14138591$z20-10-05 996 $aFortificazioni tardo classiche e ellenistiche in Magna Grecia$91065925 997 $aUNISALENTO 998 $ale001$b20-10-05$cm$da $e-$feng$genk$h0$i0 LEADER 02052nam 2200457z- 450 001 9910557230703321 005 20211118 035 $a(CKB)5400000000041636 035 $a(oapen)https://directory.doabooks.org/handle/20.500.12854/74150 035 $a(oapen)doab74150 035 $a(EXLCZ)995400000000041636 100 $a20202111d2020 |y 0 101 0 $aeng 135 $aurmn|---annan 181 $ctxt$2rdacontent 182 $cc$2rdamedia 183 $acr$2rdacarrier 200 00$aInnate Immune Cells and Inflammatory Mediators in Mucosal Pathologies 210 $cFrontiers Media SA$d2020 215 $a1 online resource (121 p.) 311 08$a2-88966-012-5 330 $aThis eBook is a collection of articles from a Frontiers Research Topic. Frontiers Research Topics are very popular trademarks of the Frontiers Journals Series: they are collections of at least ten articles, all centered on a particular subject. With their unique mix of varied contributions from Original Research to Review Articles, Frontiers Research Topics unify the most influential researchers, the latest key findings and historical advances in a hot research area! Find out more on how to host your own Frontiers Research Topic or contribute to one as an author by contacting the Frontiers Editorial Office: frontiersin.org/about/contact 606 $aImmunology$2bicssc 606 $aMedicine and Nursing$2bicssc 610 $ahomeostasis 610 $ainflammation 610 $ainnate cells 610 $amediators 610 $amucosal pathology 615 7$aImmunology 615 7$aMedicine and Nursing 700 $aMónica Vermeulen$b Elba$4edt$01286208 702 $aLeite-de-Moraes$b Maria$4edt 702 $aChieppa$b Marcello$4edt 702 $aMónica Vermeulen$b Elba$4oth 702 $aLeite-de-Moraes$b Maria$4oth 702 $aChieppa$b Marcello$4oth 906 $aBOOK 912 $a9910557230703321 996 $aInnate Immune Cells and Inflammatory Mediators in Mucosal Pathologies$93019775 997 $aUNINA